|
|
|
|
| LEADER |
00000cam a2200000 7i4500 |
| 001 |
0000002175 |
| 005 |
20030319.0 |
| 090 |
0 |
0 |
|a 634.9209595
|b FER 1991
|
| 100 |
1 |
0 |
|a FERRIE
|h Adam E. J.
|
| 245 |
1 |
0 |
|a Log allocation model :
|b technical report
|c prepared by Adam E.J. Ferrie, Lim Kee Leng, Rosmawati Ismail
|
| 260 |
0 |
0 |
|a Kuala Lumpur :
|b ASEAN Institute of Forest Management ,
|c 1991
|
| 300 |
|
|
|a ii, 59 p. ;
|c 29 cm.
|
| 650 |
0 |
0 |
|a Database
|x Forest management
|z Malaysia
|
| 650 |
0 |
0 |
|a Forest management
|z Malaysia
|
| 700 |
0 |
1 |
|a Lim
|h Kee Leng
|
| 700 |
0 |
1 |
|a Rosmawati Ismail
|
| 710 |
1 |
1 |
|a ASEAN Institute of Forest Management (AIFM)
|
| 998 |
|
|
|a JPSM
|
| 999 |
|
|
|a 0000003703
|b Monograph
|c Open Shelf
|e Default branch
|
| 999 |
|
|
|a 0000003704
|b Monograph
|c Open Shelf
|e Default branch
|
| 999 |
|
|
|a 0000003705
|b Monograph
|c Open Shelf
|e Default branch
|
| 999 |
|
|
|a 0000003706
|b Monograph
|c Open Shelf
|e Default branch
|
| 999 |
|
|
|a 0000003707
|b Monograph
|c Open Shelf
|e Default branch
|